• 首页
  • 本馆介绍
  • 公告通知
  • 最新文献
  • 馆藏检索
  • 电子资源
  • 读者导购
  • 参考咨询
  • 我的图书馆
  • 登录
  • 详细信息显示
  • 放入我的书架
  • 预约/预借图书
  • 作者相关作品
  • 分类相关作品
  • 丛书相关作品
  • 出版社相关作品

书目信息

  • 表格格式
  • 工作单格式
  • 卡片格式
题名:
SequoiaDB分布式数据库权威指南
    
 
作者: 许建辉 著
分册:  
出版信息: 北京   电子工业出版社  2021
页数: 14,346页
开本: 24cm
丛书名: 巨杉数据库系列丛书
单 册:
中图分类: TP311.133.1-62 , TP311.13
科图分类:
主题词: 分布式数据库--数据库系统--指南
电子资源:
ISBN: 978-7-121-42291-1
000 01108oam2 2200277 450
001 2334135111
005 20231129193848.79
010    @a978-7-121-42291-1@dCNY99.00
100    @a20211208d2021 em y0chiy50 ea
101 0  @achi
102    @aCN@b110000
105    @aa z 000yy
200 1  @aSequoiaDB分布式数据库权威指南@ASequoiaDB fen bu shi shu ju ku quan wei zhi nan@f许建辉[等]著
210    @a北京@c电子工业出版社@d2021
215    @a14,346页@c图@d24cm
225 1  @a巨杉数据库系列丛书
300    @a博文视点
304    @a著者还有:(加)陈元熹、杨上德、林友滨、陈子川、胡晓均等6人
330    @a本书从分布式数据库的背景与发展情况出发,详细、系统地介绍了国产分布式数据库SequoiaDB(巨杉数据库)的基础知识、数据库实例、架构原理、运维管理等核心技术内容,提供了性能调优和问题诊断的基本思路。此外,书中还分享了SequoiaDB的行业应用、最佳实践、工具和生态等内容。
461  0 @12001 @a巨杉数据库系列丛书
606 0  @a分布式数据库@x数据库系统@j指南
690    @aTP311.133.1-62@v5
690    @aTP311.13@v4
701  0 @a许建辉@Axu jian hui@4著
801  0 @aCN@b山东中教@c20231126
905    @aBZT@dTP311.13@e144
    
    SequoiaDB分布式数据库权威指南/许建辉[等]著.-北京:电子工业出版社,2021
    14,346页:图;24cm.-(巨杉数据库系列丛书)
    博文视点
    
    ISBN 978-7-121-42291-1:CNY99.00
    本书从分布式数据库的背景与发展情况出发,详细、系统地介绍了国产分布式数据库SequoiaDB(巨杉数据库)的基础知识、数据库实例、架构原理、运维管理等核心技术内容,提供了性能调优和问题诊断的基本思路。此外,书中还分享了SequoiaDB的行业应用、最佳实践、工具和生态等内容。
●
相关链接 在五车中查询图书 在当当中查询图书 在豆瓣中查询图书


正题名:SequoiaDB分布式数据库权威指南     索取号:TP311.13/144         预约/预借

序号 登录号 条形码 馆藏地/架位号 状态 备注
1 2001184350   2001184350   东辅楼二楼书库/ [索取号:TP311.13/144] 在馆    
2 2001184351   2001184351   东辅楼二楼书库/ [索取号:TP311.13/144] 在馆    
3 2001184352   2001184352   东辅楼二楼书库/ [索取号:TP311.13/144] 在馆    
4 2001184353   2001184353   东辅楼二楼书库/ [索取号:TP311.13/144] 在馆    
5 2001184354   2001184354   东辅楼二楼书库/ [索取号:TP311.13/144] 在馆    
6 2001184355   2001184355   东辅楼二楼书库/ [索取号:TP311.13/144] 在馆    
7 2001184356   2001184356   东辅楼二楼书库/ [索取号:TP311.13/144] 在馆    
8 2001184357   2001184357   东辅楼二楼书库/ [索取号:TP311.13/144] 在馆    
9 2001184358   2001184358   东辅楼二楼书库/ [索取号:TP311.13/144] 在馆    
10 2001184359   2001184359   东辅楼二楼书库/ [索取号:TP311.13/144] 在馆    
11 2001184360   2001184360   东辅楼二楼书库/ [索取号:TP311.13/144] 在馆    
12 2001184361   2001184361   东辅楼二楼书库/ [索取号:TP311.13/144] 在馆    
13 2001184362   2001184362   东辅楼二楼书库/ [索取号:TP311.13/144] 在馆    
14 2001184363   2001184363   东辅楼二楼书库/ [索取号:TP311.13/144] 在馆    
15 2001184364   2001184364   东辅楼二楼书库/ [索取号:TP311.13/144] 在馆    
16 2001184365   2001184365   东辅楼二楼书库/ [索取号:TP311.13/144] 在馆    
17 2001184366   2001184366   东辅楼二楼书库/ [索取号:TP311.13/144] 在馆    
18 2001184367   2001184367   东辅楼二楼书库/ [索取号:TP311.13/144] 在馆    
19 2001198091   2001198091   中教(第二批第二书库)/山东中教(第二批)/130/ [索取号:TP311.13/144] 在馆    
20 2001198092   2001198092   中教(第二批第二书库)/山东中教(第二批)/130/ [索取号:TP311.13/144] 在馆    
21 2001198093   2001198093   中教(第二批第二书库)/山东中教(第二批)/130/ [索取号:TP311.13/144] 在馆    
22 2001198094   2001198094   中教(第二批第二书库)/山东中教(第二批)/130/ [索取号:TP311.13/144] 在馆    
23 2001198095   2001198095   中教(第二批第二书库)/山东中教(第二批)/130/ [索取号:TP311.13/144] 在馆    
24 2001198096   2001198096   中教(第二批第二书库)/山东中教(第二批)/130/ [索取号:TP311.13/144] 在馆    
25 2001198097   2001198097   中教(第二批第二书库)/山东中教(第二批)/130/ [索取号:TP311.13/144] 在馆    
26 2001198098   2001198098   中教(第二批第二书库)/山东中教(第二批)/130/ [索取号:TP311.13/144] 在馆    
27 2001198099   2001198099   中教(第二批第二书库)/山东中教(第二批)/130/ [索取号:TP311.13/144] 在馆    
28 2001198100   2001198100   中教(第二批第二书库)/山东中教(第二批)/130/ [索取号:TP311.13/144] 在馆    
29 2001198101   2001198101   中教(第二批第二书库)/山东中教(第二批)/130/ [索取号:TP311.13/144] 在馆    
30 2001198102   2001198102   中教(第二批第二书库)/山东中教(第二批)/130/ [索取号:TP311.13/144] 在馆    
山东省滨州职业学院图书馆 欢迎您!
大连网信软件有限公司© 版权所有